000 00268 a2200121 4500
250 _a2ème éd.
245 _aLes Maladies endocriniennes
100 _aDecourt, J.
260 _c1974
300 _a128 p.
999 _c16715
_d16715